Disaster movie /

Follows the comic misadventures of a group of ridiculously attractive twenty-somethings during one fateful night as they try to make their way to safety. All the while every known natural disaster and catastrophic event, including, asteroids, tornadoes and earthquakes, all hit the city. They have to...

Full description

Bibliographic Details
Corporate Authors: Grosvenor Park Media, Lions Gate Films (Santa Monica, Calif.)
Other Authors: Friedberg, Jason, Safran, Peter, 1965-, Seltzer, Aaron, Lanter, Matt, 1983-, Minnillo, Vanessa, 1980-, Johnson, Gary, Parker, Nicole, 1978-, Flanagan, Crista, Kardashian, Kim, 1980-, Barinholtz, Ike, Electra, Carmen
Format: Video DVD
Language:English
Language Notes:English dialogue with optional English or Spanish subtitles; closed-captioned.
Published: Santa Monica, CA : Lionsgate, [2008]
Edition:Unrated cataclysmic ed.
Subjects:

MARC

Tag First Indicator Second Indicator Subfields
LEADER 00000cgm a2200000Ka 4500
001 in00002736151
005 20210116063254.0
007 vd cvaizq
008 081014s2008 cau088 vleng d
024 1 |a 031398104391 
028 4 2 |a 24741  |b Lionsgate 
035 |a (OCoLC)ocn262478992 
035 |a (OCoLC)262478992 
037 |b Midwest Tape  |n http://www.midwesttapes.com 
040 |a TEFMT  |c TEFMT  |d TEF  |d BTCTA  |d WHP  |d WIQ  |d OCLCA  |d TXA  |d UtOrBLW 
041 1 |a eng  |j eng  |j spa  |h eng 
043 |a n-us--- 
049 |a TXAM 
050 1 4 |a PN1997.2  |b .D56 2009 
082 0 4 |a 791.43/72  |2 22 
245 0 0 |a Disaster movie /  |c Lionsgate and Grosvenor Park present a 3 in the Box production, a Jason Friedberg & Aaron Seltzer film ; produced by Jason Friedberg, Peter Safran, Aaron Seltzer ; written and directed by Jason Friedberg & Aaron Seltzer. 
250 |a Unrated cataclysmic ed. 
264 1 |a Santa Monica, CA :  |b Lionsgate,  |c [2008] 
264 4 |c ©2008 
300 |a 1 videodisc (approximately 88 min.) :  |b sound, color ;  |c 4 3/4 in. 
336 |a two-dimensional moving image  |b tdi  |2 rdacontent 
337 |a video  |b v  |2 rdamedia 
338 |a videodisc  |b vd  |2 rdacarrier 
538 |a DVD, region 1, widescreen (1.78:1) presentation; Dolby Digital. 
546 |a English dialogue with optional English or Spanish subtitles; closed-captioned. 
511 1 |a Matt Lanter, Vanessa Minnillo, Gary 'G Thang' Johnson, Nicole Parker, Crista Flanagan, Kimberly Kardashian, Ike Barinholtz, Carmen Electra. 
508 |a Director of photography, Shawn Maurer ; film editor, Peck Prior ; music by, Christopher Lennertz. 
521 8 |a Unrated. 
520 |a Follows the comic misadventures of a group of ridiculously attractive twenty-somethings during one fateful night as they try to make their way to safety. All the while every known natural disaster and catastrophic event, including, asteroids, tornadoes and earthquakes, all hit the city. They have to overcome the disasters in their path as they try to solve a series of mysteries to end the rampant destruction. 
500 |a Special features: "Girl fight" ; "High school muscial" sing-along ; "I'm f**king Matt Damon" sing-along ; "Sitting down with a stand-up" ; Cast & crew audio commentary ; "G-Thang's tour" ; "Straight from the ladies" ; "Who's spoofing who" ; "This is how we do it" 
500 |a Videorecording. 
650 0 |a Young adults  |z United States  |v Drama. 
650 0 |a Natural disasters  |z United States  |v Drama. 
650 0 |a Asteroids  |x Collisions with Earth  |v Drama. 
650 0 |a Tornadoes  |z United States  |v Drama. 
650 0 |a Earthquakes  |z United States  |v Drama. 
650 7 |a Desastres naturales  |z Estados Unidos  |v Teatro.  |2 bidex 
650 7 |a Asteroides  |v Teatro.  |2 bidex 
655 7 |a Comedy films.  |2 lcgft 
655 7 |a Disaster films.  |2 lcgft 
655 7 |a Parody films.  |2 lcgft 
655 7 |a Films for the hearing impaired.  |2 lcgft 
655 7 |a Video recordings for the hearing impaired.  |2 lcgft  |2 lcgft 
700 1 |a Friedberg, Jason. 
700 1 |a Safran, Peter,  |d 1965- 
700 1 |a Seltzer, Aaron. 
700 1 |a Lanter, Matt,  |d 1983- 
700 1 |a Minnillo, Vanessa,  |d 1980- 
700 1 |a Johnson, Gary. 
700 1 |a Parker, Nicole,  |d 1978- 
700 1 |a Flanagan, Crista. 
700 1 |a Kardashian, Kim,  |d 1980- 
700 1 |a Barinholtz, Ike. 
700 1 |a Electra, Carmen. 
710 2 |a Grosvenor Park Media. 
710 2 |a Lions Gate Films (Santa Monica, Calif.) 
994 |a C0  |b TXA 
948 |a cataloged  |b h  |c 2011/11/16  |d c  |e agaffey  |f 2:54:31 pm 
999 |a MARS 
999 f f |s 8664725a-1150-3c2c-9cfe-9ea548d90f2c  |i 1ecfdc08-4d54-34f5-966b-0c8102cee34e  |t 0 
952 f f |p ric  |a Texas A&M University  |b Rellis Campus  |c Joint Library Facility  |d Remote Storage  |t 0  |e PN1997.2 .D56 2009  |h Library of Congress classification  |i video -- videodisc  |m A14841320741 
998 f f |a PN1997.2 .D56 2009  |t 0  |l Remote Storage